[Event "HUN-ch Rapid"]
[Site "Ajka"]
[Date "2022.07.17"]
[Round "11"]
[White "Gyenes, Mate"]
[Black "Nemeth, Zoltan1111"]
[Result "1/2-1/2"]
[WhiteElo "2048"]
[BlackElo "1319"]
[PlyCount "154"]
[EventDate "2022.07.15"]
[EventType "swiss (rapid)"]
[EventRounds "13"]
[EventCountry "HUN"]
[SourceTitle "CBM 209 Extra"]
[Source "ChessBase"]
[SourceDate "2022.09.30"]
[SourceVersion "1"]
[SourceVersionDate "2022.09.30"]
[SourceQuality "1"]

1. e4 d5 2. exd5 Qxd5 3. Nc3 Qd8 4. Nf3 Nf6 5. Bc4 c6 6. 0-0 Bf5 7. Re1 e6 8. d3 Be7 9. Bf4 Nbd7 10. a4 Nb6 11. Bb3 Nbd5 12. Nxd5 Nxd5 13. Be5 0-0 14. h3 Bg6 15. c3 Bf6 16. Bxd5 Qxd5 17. Bxf6 gxf6 18. d4 Bh5 19. Re3 Kh8 20. Qd3 Rg8 21. Kf1 Rg7 22. g3 Rag8 23. c4 Qd6 24. d5 Bxf3 25. Rxf3 exd5 26. cxd5 Rg5 27. dxc6 Qxc6 28. Qc3 Qa6+ 29. Kg2 Re5 30. b3 Kg7 31. Qd4 Rge8 32. Rc1 Re4 33. Qd3 Qe6 34. Rc5 Re5 35. Rc4 Re4 36. Rc5 Re5 37. Rc4 Re4 38. Rc5 Re5 39. Qd4 Rxc5 40. Qxc5 b6 41. Qb4 Qe4 42. Qc3 Re5 43. Qd3 Qc6 44. Qd4 h5 45. h4 Rf5 46. Qd3 Re5 47. Qc3 Qd5 48. Qd3 Qxd3 49. Rxd3 Re4 50. Rd7 a5 51. Rd5 Rb4 52. Rd3 f5 53. Kf3 Kg6 54. Rc3 f4 55. Rd3 fxg3 56. fxg3 f6 57. Ke3 Kf5 58. Rd5+ Kg4 59. Kf2 Rxb3 60. Rd4+ Kh3 61. Rd5 Rxg3 62. Rxh5 Rg4 63. Rh6 Rf4+ 64. Ke3 Rxh4 65. Rxf6 Rb4 66. Kf3 Rb3+ 67. Ke4 Kg3 68. Kd5 Rb4 69. Kc6 Kg4 70. Rf7 Rxa4 71. Kxb6 Ra1 72. Ra7 a4 73. Kb5 a3 74. Kb4 Rb1+ 75. Kc3 Rg1 76. Ra4+ Kf5 77. Rxa3 Rg3+ 1/2-1/2

[Event "HUN-ch Rapid"]
[Site "Ajka"]
[Date "2022.07.15"]
[Round "1"]
[White "Gyenes, Mate"]
[Black "Emodi, Barnabas"]
[Result "0-1"]
[WhiteElo "2048"]
[BlackElo "2341"]
[PlyCount "67"]
[EventDate "2022.07.15"]
[EventType "swiss (rapid)"]
[EventRounds "13"]
[EventCountry "HUN"]
[SourceTitle "CBM 209 Extra"]
[Source "ChessBase"]
[SourceDate "2022.09.30"]
[SourceVersion "1"]
[SourceVersionDate "2022.09.30"]
[SourceQuality "1"]

1. e4 c5 2. g3 e6 3. Bg2 d5 4. exd5 exd5 5. d4 Nf6 6. Ne2 Nc6 7. 0-0 cxd4 8. Nxd4 Be7 9. h3 0-0 10. Be3 Be6 11. Nd2 Qd7 12. N2b3 Bxh3 13. Re1 Bxg2 14. Kxg2 Rfe8 15. c3 Ne5 16. Qc2 Nc4 17. Bg5 Ne4 18. Bxe7 Rxe7 19. Re2 Rae8 20. Rae1 b6 21. f3 Nf6 22. Rxe7 Rxe7 23. Rxe7 Qxe7 24. Nf5 Qe5 25. Nbd4 g6 26. Nc6 gxf5 27. Nxe5 Ne3+ 28. Kf2 Nxc2 29. Ke2 d4 30. Kd2 Ne3 31. cxd4 Nf1+ 32. Kd3 Nxg3 33. Nc6 h5 34. Nxa7 0-1

[Event "HUN-ch U16"]
[Site "Eger"]
[Date "2021.08.26"]
[Round "6"]
[White "Gyenes, Mate"]
[Black "Csidey, Csongor"]
[Result "0-1"]
[WhiteElo "1941"]
[BlackElo "1924"]
[PlyCount "66"]
[EventDate "2021.08.20"]
[EventType "swiss"]
[EventRounds "7"]
[EventCountry "HUN"]
[SourceTitle "EXT 2022"]
[Source "ChessBase"]
[SourceDate "2021.10.06"]
[SourceVersion "1"]
[SourceVersionDate "2021.10.06"]
[SourceQuality "1"]

1. Nf3 c5 2. g3 g6 3. Bg2 Bg7 4. 0-0 Nc6 5. c3 e5 6. e4 Nge7 7. d3 d6 8. Be3 Bg4 9. h3 Bxf3 10. Bxf3 0-0 11. Bg2 f5 12. Qb3+ Kh8 13. f4 Qd7 14. Nd2 b5 15. Qxb5 Rab8 16. Qa4 Rxb2 17. Nb3 exf4 18. Bc1 Rc2 19. Nxc5 Rxg2+ 20. Kxg2 dxc5 21. Bxf4 Qxd3 22. exf5 gxf5 23. Rf3 Qe2+ 24. Rf2 Qe4+ 25. Qxe4 fxe4 26. Re2 Nd5 27. Rxe4 Nxc3 28. Rc4 Nd5 29. Re1 Nxf4+ 30. gxf4 Bd4 31. Re6 Nb4 32. Re7 Nd5 33. Rb7 Ne3+ 0-1

[Event "HUN-ch U16"]
[Site "Eger"]
[Date "2021.08.24"]
[Round "2"]
[White "Muranyi, Peter"]
[Black "Gyenes, Mate"]
[Result "1-0"]
[WhiteElo "1960"]
[BlackElo "1941"]
[PlyCount "125"]
[EventDate "2021.08.20"]
[EventType "swiss"]
[EventRounds "7"]
[EventCountry "HUN"]
[SourceTitle "EXT 2022"]
[Source "ChessBase"]
[SourceDate "2021.10.06"]
[SourceVersion "1"]
[SourceVersionDate "2021.10.06"]
[SourceQuality "1"]

1. d4 Nf6 2. c4 g6 3. Nc3 d5 4. cxd5 Nxd5 5. Nxd5 Qxd5 6. e3 Bg7 7. Ne2 e5 8. Nc3 Qd8 9. d5 c6 10. Bc4 cxd5 11. Qxd5 0-0 12. 0-0 Nc6 13. Qf3 Bf5 14. Rd1 Qh4 15. Qe2 e4 16. Qf1 Be5 17. h3 Bxc3 18. bxc3 Ne5 19. Be2 Rac8 20. Bb2 Qg5 21. Kh2 Be6 22. Rd4 f5 23. g3 Nc6 24. Rd6 Rfe8 25. Bc4 Bxc4 26. Qxc4+ Kg7 27. Qb5 Rc7 28. Rad1 Qe7 29. Qd5 Qf7 30. c4+ Kg8 31. Qd2 Ne5 32. Bxe5 Rxe5 33. Qc3 Re8 34. c5 Qe7 35. Qa3 a6 36. Qb3+ Kg7 37. Qb6 Rec8 38. R1d5 Qf7 39. Qb2+ Kh6 40. Qd4 Qg7 41. Rxf5 Qxd4 42. exd4 Kg7 43. Re5 Rf7 44. Rxe4 Rxf2+ 45. Kg1 Rcf8 46. Rd7+ Kh6 47. Rh4+ Kg5 48. Rd5+ Kf6 49. Kxf2 Ke6+ 50. Ke3 Kxd5 51. Rxh7 Re8+ 52. Kd3 Re1 53. Rxb7 Rd1+ 54. Kc2 Rg1 55. Rd7+ Kc4 56. Kd2 Rg2+ 57. Ke3 Rxg3+ 58. Ke4 Rxh3 59. c6 Rh8 60. d5 Kc5 61. Ke5 Rc8 62. c7 g5 63. d6 1-0

[Event "HUN-chT2 Erkel 1819"]
[Site "Hungary"]
[Date "2019.03.10"]
[Round "7.8"]
[White "Medve, Mark"]
[Black "Gyenes, Mate"]
[Result "1-0"]
[WhiteElo "2074"]
[BlackElo "1654"]
[PlyCount "45"]
[EventDate "2018.10.28"]
[EventType "team-tourn"]
[EventRounds "9"]
[EventCountry "HUN"]
[SourceTitle "EXT 2021"]
[Source "ChessBase"]
[SourceDate "2020.10.23"]
[SourceVersion "1"]
[SourceVersionDate "2020.10.23"]
[SourceQuality "1"]
[WhiteTeam "Budapest EAC"]
[BlackTeam "Vac"]
[WhiteTeamCountry "HUN"]
[BlackTeamCountry "HUN"]

1. d4 Nf6 2. c4 e6 3. Nf3 b6 4. Nc3 Be7 5. e4 Bb7 6. Bd3 d5 7. cxd5 exd5 8. e5 Ne4 9. 0-0 0-0 10. Qe2 f5 11. exf6 Bxf6 12. Nxe4 dxe4 13. Bxe4 Bd5 14. Bf4 c6 15. Rac1 b5 16. Rfd1 Na6 17. Rxc6 Bxe4 18. Qxe4 Nb4 19. Rc5 Qd7 20. Ne5 Bxe5 21. Bxe5 Qf7 22. f4 Qxa2 23. Rc7 1-0

[Event "HUN-chT2 Erkel 1819"]
[Site "Hungary"]
[Date "2018.12.02"]
[Round "3.9"]
[White "Szekeres, Tibor"]
[Black "Gyenes, Mate"]
[Result "1-0"]
[WhiteElo "1995"]
[BlackElo "1654"]
[PlyCount "77"]
[EventDate "2018.10.28"]
[EventType "team-tourn"]
[EventRounds "9"]
[EventCountry "HUN"]
[SourceTitle "EXT 2021"]
[Source "ChessBase"]
[SourceDate "2020.10.23"]
[SourceVersion "1"]
[SourceVersionDate "2020.10.23"]
[SourceQuality "1"]
[WhiteTeam "Pestszentlorinc"]
[BlackTeam "Vac"]
[WhiteTeamCountry "HUN"]
[BlackTeamCountry "HUN"]

1. d4 Nf6 2. c4 g6 3. Nc3 Bg7 4. e4 0-0 5. Nge2 d6 6. Ng3 e5 7. d5 Nbd7 8. Be2 Ne8 9. 0-0 a5 10. Be3 f5 11. exf5 gxf5 12. f4 e4 13. Qd2 c5 14. dxc6 bxc6 15. Nh5 Bh8 16. c5 d5 17. Nxd5 Nxc5 18. Bxc5 cxd5 19. Rad1 Be6 20. Bc4 Nc7 21. Qf2 Qe8 22. Be2 Bf7 23. Ng3 Qe6 24. Bxf8 Rxf8 25. Qc5 Ne8 26. b3 Nd6 27. Qxa5 d4 28. Qb4 Qd5 29. Kh1 Be8 30. Rc1 d3 31. Rfd1 Bd4 32. Bxd3 exd3 33. Rxd3 Nb5 34. a4 Bc6 35. Qc4 Re8 36. Qxd5+ Bxd5 37. axb5 Bb2 38. Rcd1 Be6 39. Rd8 1-0

[Event "HUN-chT2 Erkel 1819"]
[Site "Hungary"]
[Date "2018.11.18"]
[Round "2.8"]
[White "Zamodics, Peter"]
[Black "Gyenes, Mate"]
[Result "0-1"]
[WhiteElo "1952"]
[BlackElo "1654"]
[PlyCount "39"]
[EventDate "2018.10.28"]
[EventType "team-tourn"]
[EventRounds "9"]
[EventCountry "HUN"]
[SourceTitle "EXT 2021"]
[Source "ChessBase"]
[SourceDate "2020.10.23"]
[SourceVersion "1"]
[SourceVersionDate "2020.10.23"]
[SourceQuality "1"]
[WhiteTeam "Fot"]
[BlackTeam "Vac"]
[WhiteTeamCountry "HUN"]
[BlackTeamCountry "HUN"]

1. d4 Nf6 2. c4 d6 3. Nc3 g6 4. e4 Bg7 5. f3 0-0 6. Bd3 e5 7. d5 Nh5 8. Be3 Nf4 9. Qd2 Qg5 10. g3 Ng2+ 11. Kf2 Nxe3 12. Qxe3 Qxe3+ 13. Kxe3 f5 14. Kd2 Bh6+ 15. Kc2 Na6 16. a3 fxe4 17. Nxe4 Be3 18. Rf1 Bf5 19. g4 Bd7 20. Ne2 0-1

[Event "HUN-chT2 Erkel 1718"]
[Site "Hungary"]
[Date "2018.03.25"]
[Round "10.12"]
[White "Molnar, Laszlo6666"]
[Black "Gyenes, Mate"]
[Result "0-1"]
[WhiteElo "1526"]
[BlackElo "1510"]
[PlyCount "38"]
[EventDate "2017.09.24"]
[EventType "team-tourn"]
[EventRounds "11"]
[EventCountry "HUN"]
[SourceTitle "EXT 2021"]
[Source "ChessBase"]
[SourceDate "2020.10.23"]
[SourceVersion "1"]
[SourceVersionDate "2020.10.23"]
[SourceQuality "1"]
[WhiteTeam "Szada GSBE"]
[BlackTeam "Fot"]
[WhiteTeamCountry "HUN"]
[BlackTeamCountry "HUN"]

1. d4 e6 2. Bf4 f5 3. e3 Nf6 4. c3 b6 5. Nf3 Bb7 6. Nbd2 Bd6 7. Bxd6 cxd6 8. Bd3 0-0 9. Qc2 Nc6 10. 0-0-0 Rc8 11. h3 Nb4 12. Qb1 Rc7 13. Bc2 Nfd5 14. Nb3 Nxc2 15. Qxc2 Nb4 16. Qd2 Be4 17. Qe2 Qc8 18. Rd2 Nxa2+ 19. Kd1 Rxc3 0-1

[Event "HUN-chT2 Erkel 1718"]
[Site "Hungary"]
[Date "2017.12.17"]
[Round "6.12"]
[White "Koncz, Helga"]
[Black "Gyenes, Mate"]
[Result "0-1"]
[WhiteElo "1231"]
[BlackElo "1510"]
[PlyCount "90"]
[EventDate "2017.09.24"]
[EventType "team-tourn"]
[EventRounds "11"]
[EventCountry "HUN"]
[SourceTitle "EXT 2021"]
[Source "ChessBase"]
[SourceDate "2020.10.23"]
[SourceVersion "1"]
[SourceVersionDate "2020.10.23"]
[SourceQuality "1"]
[WhiteTeam "Andornaktalya"]
[BlackTeam "Fot"]
[WhiteTeamCountry "HUN"]
[BlackTeamCountry "HUN"]

1. e4 Nf6 2. Nc3 d5 3. exd5 Nxd5 4. Nxd5 Qxd5 5. Nf3 Bf5 6. d4 Qe4+ 7. Qe2 Qxe2+ 8. Bxe2 Bxc2 9. Bf4 c6 10. 0-0 e6 11. Rac1 Be4 12. a3 Be7 13. Rfe1 0-0 14. Bd1 Bd5 15. Ne5 Bd6 16. Bg3 Rd8 17. Bg4 Bxe5 18. Bxe5 Nd7 19. Bf4 Nf6 20. Bh3 Rd7 21. Be5 Ne8 22. g3 Nd6 23. Bg2 Nc4 24. Bxd5 Nxe5 25. dxe5 Rxd5 26. f4 Rd2 27. b4 Rad8 28. Rb1 Kf8 29. h4 R8d3 30. Kh1 Rxg3 31. Rbd1 Rgd3 32. Rxd2 Rxd2 33. Kg1 Ke7 34. Kf1 f6 35. exf6+ Kxf6 36. Re2 Rxe2 37. Kxe2 Kf5 38. Kf3 e5 39. fxe5 Kxe5 40. Ke3 h6 41. a4 g5 42. hxg5 hxg5 43. b5 cxb5 44. axb5 a5 45. bxa6 bxa6 0-1

[Event "HUN-chT2 Erkel 1718"]
[Site "Hungary"]
[Date "2017.10.29"]
[Round "3.12"]
[White "Benedek, Istvan1111"]
[Black "Gyenes, Mate"]
[Result "1-0"]
[WhiteElo "1924"]
[BlackElo "1510"]
[PlyCount "39"]
[EventDate "2017.09.24"]
[EventType "team-tourn"]
[EventRounds "11"]
[EventCountry "HUN"]
[SourceTitle "EXT 2021"]
[Source "ChessBase"]
[SourceDate "2020.10.23"]
[SourceVersion "1"]
[SourceVersionDate "2020.10.23"]
[SourceQuality "1"]
[WhiteTeam "Szigetszentmiklos"]
[BlackTeam "Fot"]
[WhiteTeamCountry "HUN"]
[BlackTeamCountry "HUN"]

1. e4 e6 2. d4 d5 3. Nd2 Nf6 4. e5 Nfd7 5. Bd3 c5 6. c3 Nc6 7. Ne2 Qb6 8. Nf3 cxd4 9. cxd4 Bb4+ 10. Bd2 a5 11. 0-0 Nf8 12. Be3 Bd7 13. a3 Be7 14. Nc3 Na7 15. Na4 Bxa4 16. Qxa4+ Nd7 17. Rfc1 Rd8 18. Bd2 0-0 19. Bxa5 Qxb2 20. Bxd8 1-0

[Event "HUN-chT2 Erkel 1718"]
[Site "Hungary"]
[Date "2017.09.24"]
[Round "1.12"]
[White "Pavko, Noel"]
[Black "Gyenes, Mate"]
[Result "1-0"]
[WhiteElo "1564"]
[BlackElo "1510"]
[PlyCount "79"]
[EventDate "2017.09.24"]
[EventType "team-tourn"]
[EventRounds "11"]
[EventCountry "HUN"]
[SourceTitle "EXT 2021"]
[Source "ChessBase"]
[SourceDate "2020.10.23"]
[SourceVersion "1"]
[SourceVersionDate "2020.10.23"]
[SourceQuality "1"]
[WhiteTeam "Gyongyos Energia"]
[BlackTeam "Fot"]
[WhiteTeamCountry "HUN"]
[BlackTeamCountry "HUN"]

1. e4 e6 2. d3 d5 3. Nc3 Bb4 4. Bf4 d4 5. a3 Bd6 6. Nce2 Bxf4 7. Nxf4 e5 8. Nfe2 Be6 9. f4 f6 10. Nf3 Nd7 11. c3 c5 12. Qa4 a6 13. c4 Kf8 14. f5 Bf7 15. Ng3 Ne7 16. Be2 b5 17. Qc2 Nc6 18. 0-0 Ke7 19. Nd2 Re8 20. Nb3 b4 21. a4 a5 22. h4 h6 23. Qd2 Kd6 24. Bh5 Qe7 25. Bg6 Kc7 26. Qe2 Kb6 27. Qg4 Bxg6 28. fxg6 Nf8 29. Nf5 Qd7 30. h5 Ra7 31. Nd2 Ne6 32. g3 Rh8 33. b3 Ng5 34. Nf3 Nxf3+ 35. Rxf3 Ne7 36. Kg2 Nxf5 37. Qxf5 Qxf5 38. Rxf5 Kc6 39. Raf1 Kd6 40. Rxf6+ 1-0